Datum a čas kvízu
36
Celkem bodů
Celkový počet nahraných bodů na tomto kvízu bez doplňovacích otázek.
2.
Pořadí na kvízu
Konečné umístění týmu na tomto kvízu.
Zaznamenané odpovědi
| # | Otázka | Odpověď | Body | Výsledky |
|---|---|---|---|---|
| 1. | Příbramští policisté pátrají p... | závodní formule | 1 | |
| 2. | Česká komisařka Věra Jourová s... | hodnoty a transparentnost | 1 | |
| 3. | Kanadská spisovatelka Margaret... | Příběh služebnice | 1 | |
| 4. | V den svých 55. narozenin odeš... | Alibaba | 1 | |
| 5. | Kdeže jsou ty časy, kdy naši t... | Bosna a Hercegovina | 1 | |
| 6. | Když už jsme tu měli minulý tý... | serotonin | 0 | |
| 7. | Erós je řeckým bohem lásky. Ja... | Arés, Afrodita | 0.5 | |
| 8. | Příponu -filie mají různá slov... | Alexej | 0 | |
| 9. | Láska je samozřejmě nevyčerpat... | 1A 2B 3D 4C | 0 | |
| 10. | Jak se jmenuje herečka, která... | Gwyneth Paltrow | 0 |